000 01117cab a2200217 4500
001 ABS49005
008 090401t1993 xxu||||| |||| 00| 0 eng d
035 _a(Sirsi) u69441
041 _aeng
245 _aPanayi and another v Roberts
260 _c1993
350 _a0
490 _aEstates Gazette
_v(1993) 28 EG 125-126(2)
520 _aCA 18 March 1993. P, the respondents, were landlords who had granted R a tenancy of at least one year in Nov 1990. In the following November, notice was given of a new assured shorthold tenancy of six months minimum. P served R notice to quit in May 1992, and was awarded possession by the county court. R appealed claiming the date of termination was incorrect, and that the notice did not conform to the requirements prescribed by the Assured Tenancies and Agricultural Occupancies (Forms) Regulations 1988. CA agreed.
650 _aASSURED SHORTHOLD TENANCIES
650 _aASSURED TENANCIES & AGRICULTURAL OCCUPANCIES (FORMS) REGS
650 _aSI 1988:2203
690 _aLANDLORD AND TENANT-CASE LAW-RESIDENTIAL TENANCIES
942 _n0
948 _c04/03/1997
999 _c43611
_d43611